[Event "19th Hoogeveen op"]
[Site "Hoogeveen NED"]
[Date "2015.10.17"]
[Round "1.1"]
[White "Heemskerk, Wim"]
[Black "Gupta, Abhijeet"]
[Result "0-1"]
[WhiteElo "2181"]
[BlackElo "2629"]
[EventDate "2015.10.17"]
[PlyCount "52"]

1.Nf3 Nf6 2.c4 g6 3.g3 Bg7 4.Bg2 O-O 5.O-O c6 6.d4 d5 7.Qb3 a5 8.cxd5 a4 
9.Qa3 Nxd5 10.Nc3 Nb6 11.Bf4 Be6 12.Ne4 N8d7 13.Rac1 h6 14.Rfd1 g5 15.Bd2 
f5 16.Nc5 Nxc5 17.Qxc5 Nc8 18.h4 gxh4 19.Nxh4 Qxd4 20.Qxd4 Bxd4 21.Bxh6 
Bxb2 22.Rb1 a3 23.Rd2 Re8 24.Rbxb2 axb2 25.Rxb2 Nd6 26.Bf4 Rxa2 0-1

[Event "19th Hoogeveen op"]
[Site "Hoogeveen NED"]
[Date "2015.10.17"]
[Round "1.2"]
[White "l`Ami, Erwin"]
[Black "Clemens, Adrian HP"]
[Result "1-0"]
[WhiteElo "2619"]
[BlackElo "2175"]
[EventDate "2015.10.17"]
[PlyCount "45"]

1.d4 Nf6 2.c4 c5 3.d5 e6 4.Nc3 exd5 5.cxd5 d6 6.e4 g6 7.f4 Bg7 8.Bb5+ Nfd7
9.Nf3 O-O 10.O-O a6 11.Bd3 b5 12.a3 Ra7 13.Qe1 Re8 14.Qg3 Nf6 15.e5 dxe5 
16.fxe5 Nxd5 17.Bg5 Qd7 18.Ne4 Qg4 19.Qf2 Rc7 20.h3 Qe6 21.Rae1 c4 22.Nf6+
Kh8 23.Nd4 1-0

[Event "19th Hoogeveen op"]
[Site "Hoogeveen NED"]
[Date "2015.10.17"]
[Round "1.3"]
[White "Vogel, Jaap"]
[Black "Bok, Benjamin"]
[Result "0-1"]
[WhiteElo "2175"]
[BlackElo "2591"]
[EventDate "2015.10.17"]
[PlyCount "58"]

1.d4 Nf6 2.Nf3 g6 3.g3 b6 4.Bg2 Bb7 5.c4 Bg7 6.O-O O-O 7.Nc3 Ne4 8.Nxe4 
Bxe4 9.Be3 d5 10.Qa4 dxc4 11.Qxc4 Nc6 12.Rfd1 Na5 13.Qc1 Rc8 14.Bh6 Qd5 
15.Bxg7 Kxg7 16.b3 Rfd8 17.Ne1 Bxg2 18.Nxg2 Qe6 19.Nf4 Qf6 20.e3 c5 21.d5 
c4 22.b4 Nb7 23.e4 c3 24.Qe3 c2 25.Re1 Qc3 26.Rac1 Nd6 27.Qxc3+ Rxc3 28.
Ne2 Rc4 29.f3 Rdc8 0-1

[Event "19th Hoogeveen op"]
[Site "Hoogeveen NED"]
[Date "2015.10.17"]
[Round "1.4"]
[White "Sengupta, Deep"]
[Black "Hulshof, Peter"]
[Result "1-0"]
[WhiteElo "2580"]
[BlackElo "2175"]
[EventDate "2015.10.17"]
[PlyCount "71"]

1.e4 g6 2.Nc3 Bg7 3.h4 h5 4.d4 c6 5.Nh3 d5 6.e5 e6 7.Bg5 Qa5 8.a3 a6 9.b4 
Qc7 10.Bd3 Nd7 11.Nf4 Nf8 12.Nce2 Bh6 13.Qd2 b6 14.Ng1 c5 15.bxc5 bxc5 16.
c3 Bxg5 17.hxg5 Qd8 18.Nf3 Ne7 19.g4 hxg4 20.Rxh8 gxf3 21.Kf1 Bd7 22.Qe3 
Bb5 23.Qxf3 Nf5 24.Bxb5+ axb5 25.Qd3 Rb8 26.Rb1 c4 27.Qd2 Qe7 28.a4 b4 29.
Rxb4 Rxb4 30.cxb4 Qa7 31.a5 Nxd4 32.Qe3 Ke7 33.Ne2 Nc6 34.Qxa7+ Nxa7 35.
Nd4 c3 36.Ke2 1-0

[Event "19th Hoogeveen op"]
[Site "Hoogeveen NED"]
[Date "2015.10.17"]
[Round "1.5"]
[White "Van Dorp, Folke"]
[Black "Stocek, Jiri"]
[Result "0-1"]
[WhiteElo "2168"]
[BlackElo "2566"]
[EventDate "2015.10.17"]
[PlyCount "44"]

1.e4 c5 2.b3 d6 3.Bb2 a6 4.f4 Nc6 5.Nf3 Bg4 6.h3 Bxf3 7.Qxf3 e6 8.Bd3 Rc8 
9.Qg3 Nf6 10.Nc3 g6 11.O-O-O Bg7 12.Kb1 b5 13.Rhe1 O-O 14.Qf2 Qa5 15.Bf1 
Nd7 16.Ne2 Bxb2 17.Kxb2 c4 18.Qe3 Nb4 19.a3 cxb3 20.Qxb3 Nxc2 21.Nc3 Nxe1 
22.Rxe1 Qb6 0-1

[Event "19th Hoogeveen op"]
[Site "Hoogeveen NED"]
[Date "2015.10.17"]
[Round "1.6"]
[White "Bogner, Sebastian"]
[Black "Mellema, Andries"]
[Result "1-0"]
[WhiteElo "2557"]
[BlackElo "2162"]
[EventDate "2015.10.17"]
[PlyCount "59"]

1.d4 e6 2.c4 Nf6 3.Nf3 b6 4.g3 Bb7 5.Bg2 Bb4+ 6.Nbd2 Ne4 7.O-O Nxd2 8.Bxd2
Bxd2 9.Qxd2 d6 10.Qc2 Nd7 11.Rfd1 Qc8 12.b4 Nf6 13.d5 O-O 14.Nd4 e5 15.Nf5
Qd8 16.c5 Bc8 17.Rac1 bxc5 18.bxc5 Rb8 19.Ne3 Ba6 20.Bh3 Rb4 21.a3 Rd4 22.
Rxd4 exd4 23.Nf5 dxc5 24.Qxc5 Bxe2 25.Nxd4 Bg4 26.Bg2 h6 27.h3 Bh5 28.Qxc7
Nxd5 29.Qxd8 Rxd8 30.Nc6 1-0

[Event "19th Hoogeveen op"]
[Site "Hoogeveen NED"]
[Date "2015.10.17"]
[Round "1.7"]
[White "Den Hartog, Marijn"]
[Black "Gopal, Geetha Narayanan"]
[Result "0-1"]
[WhiteElo "2158"]
[BlackElo "2536"]
[EventDate "2015.10.17"]
[PlyCount "86"]

1.e4 c5 2.Nf3 d6 3.c3 Nf6 4.Be2 g6 5.O-O Bg7 6.Re1 O-O 7.Bf1 Nc6 8.h3 e5 
9.d4 cxd4 10.cxd4 exd4 11.Nxd4 Nxd4 12.Qxd4 Re8 13.Bb5 Re6 14.Qd3 a6 15.
Bc4 d5 16.Rd1 Rxe4 17.Nc3 Rxc4 18.Qxc4 Bg4 19.Rxd5 Nxd5 20.Qxd5 Bxc3 21.
Qxd8+ Rxd8 22.bxc3 Rd1+ 23.Kh2 Be6 24.a4 a5 25.Kg3 f6 26.Bb2 Rd3+ 27.f3 
Kf7 28.c4 g5 29.Rc1 Rb3 30.Bc3 Ra3 31.Bxa5 Rxa4 32.Bb6 Bxc4 33.Bd8 b5 34.
Re1 Ra2 35.Be7 h5 36.Bc5 Kg6 37.Bd4 Bd5 38.Re3 b4 39.Kh2 Rd2 40.Bc5 b3 41.
Ba3 b2 42.Re1 Bxf3 43.Rb1 Rxg2+ 0-1

[Event "19th Hoogeveen op"]
[Site "Hoogeveen NED"]
[Date "2015.10.17"]
[Round "1.8"]
[White "Ehlvest, Jaan"]
[Black "Hortensius, Lisa"]
[Result "1-0"]
[WhiteElo "2535"]
[BlackElo "2154"]
[EventDate "2015.10.17"]
[PlyCount "71"]

1.Nf3 Nf6 2.c4 c5 3.Nc3 Nc6 4.e4 d6 5.d4 cxd4 6.Nxd4 e6 7.Be2 Be7 8.O-O 
O-O 9.Be3 a6 10.Rc1 Ne5 11.Kh1 h6 12.f3 Qc7 13.Qd2 b6 14.b4 Bb7 15.Na4 
Ned7 16.Rfd1 Rac8 17.Nb3 Qb8 18.Bf4 Ne8 19.c5 e5 20.Be3 bxc5 21.bxc5 Bc6 
22.Bxa6 Bxa4 23.Bxc8 Nxc5 24.Bf5 g6 25.Bh3 Nxb3 26.axb3 Qxb3 27.Bxh6 Ng7 
28.Rb1 Qc2 29.Rdc1 Qxd2 30.Bxd2 Ne6 31.Bxe6 fxe6 32.Rb4 Be8 33.Bh6 Rf7 34.
Rb8 Kh7 35.Rxe8 Kxh6 36.Rc7 1-0

[Event "19th Hoogeveen op"]
[Site "Hoogeveen NED"]
[Date "2015.10.17"]
[Round "1.9"]
[White "Mijnheer, Peter"]
[Black "Halkias, Stelios"]
[Result "0-1"]
[WhiteElo "2154"]
[BlackElo "2534"]
[EventDate "2015.10.17"]
[PlyCount "87"]

1.e4 e5 2.Nf3 Nc6 3.Nc3 Nf6 4.d4 Bb4 5.Nxe5 O-O 6.Qd3 Re8 7.Bd2 d5 8.O-O-O
Bxc3 9.Bxc3 Nxe4 10.Be1 Nxe5 11.dxe5 Qg5+ 12.Kb1 Qxe5 13.f3 Nc5 14.Qd2 c6 
15.Bf2 Qd6 16.h4 Ne6 17.h5 h6 18.Bd3 Bd7 19.Bh4 Nc5 20.g4 Nxd3 21.cxd3 d4 
22.g5 Re3 23.Bf2 Rxf3 24.gxh6 Qf4 25.Qxf4 Rxf4 26.Bg3 Rg4 27.Rhg1 gxh6 28.
Be5 c5 29.Rxg4+ Bxg4 30.Rg1 f5 31.Bf4 Kf7 32.Bxh6 Rh8 33.Bf4 Rxh5 34.Re1 
Rh3 35.Re5 b6 36.b4 cxb4 37.Rd5 Rxd3 38.Rd7+ Ke6 39.Rxa7 Kd5 40.Re7 b3 41.
axb3 Rxb3+ 42.Kc2 Rc3+ 43.Kd2 Rf3 44.Bg5 0-1

[Event "19th Hoogeveen op"]
[Site "Hoogeveen NED"]
[Date "2015.10.17"]
[Round "1.10"]
[White "Ernst, Sipke"]
[Black "Boersma, Jan"]
[Result "1-0"]
[WhiteElo "2527"]
[BlackElo "2153"]
[EventDate "2015.10.17"]
[PlyCount "93"]

1.d4 Nf6 2.Nf3 g6 3.c4 Bg7 4.Nc3 O-O 5.e4 d6 6.Be2 c5 7.O-O Bg4 8.Be3 Bxf3
9.Bxf3 cxd4 10.Bxd4 Nc6 11.Be3 Nd7 12.Rc1 Nc5 13.Re1 Nb4 14.Be2 Bxc3 15.
Rxc3 Nxa2 16.Ra3 Nb4 17.e5 a5 18.Bf3 Qc7 19.exd6 Qxd6 20.Qxd6 exd6 21.Re2 
Rfe8 22.Kf1 Ne4 23.Bb6 f5 24.Rxa5 Rxa5 25.Bxa5 Nd3 26.g3 Kf7 27.h4 h5 28.
Bb6 Re6 29.Ba7 Re8 30.Bd4 Re7 31.Bxe4 fxe4 32.Rc2 Nb4 33.Rd2 Ke6 34.Ke2 
Rf7 35.Be3 Nd3 36.Rc2 Rf5 37.Bd4 Rf3 38.Bb6 Nb4 39.Rd2 Nd3 40.Be3 Nc1+ 41.
Kd1 Nd3 42.Re2 Ne5 43.Rc2 Ng4 44.Ba7 e3 45.fxe3 Rxe3 46.Re2 Nf2+ 47.Rxf2 
1-0

[Event "19th Hoogeveen op"]
[Site "Hoogeveen NED"]
[Date "2015.10.17"]
[Round "1.11"]
[White "Boer, Alef"]
[Black "Werle, Jan"]
[Result "0-1"]
[WhiteElo "2151"]
[BlackElo "2524"]
[EventDate "2015.10.17"]
[PlyCount "178"]

1.c4 f5 2.g3 Nf6 3.Bg2 g6 4.Nc3 Bg7 5.d3 O-O 6.e4 Nc6 7.Nge2 d6 8.O-O e5 
9.h3 Kh8 10.Be3 Be6 11.Nd5 Qd7 12.Kh2 Rae8 13.Qd2 Ng8 14.Rae1 Nd4 15.Bxd4 
exd4 16.Ndf4 Bf7 17.exf5 gxf5 18.Bxb7 c6 19.Ba6 Ne7 20.b4 Rb8 21.b5 c5 22.
Qc2 Bh6 23.a4 Qc7 24.Ra1 Ng6 25.Nd5 Bxd5 26.cxd5 Qa5 27.f4 Rfe8 28.Nc1 Re3
29.Nb3 Qb4 30.Rf2 Rbe8 31.b6 axb6 32.Bb5 R8e7 33.Qc4 Qc3 34.Rc1 Qxc4 35.
Bxc4 Ra7 36.Ra1 Nf8 37.Bb5 Nd7 38.Nd2 Nf6 39.Nc4 Nxd5 40.Nxd6 Nc3 41.Bc4 
Bf8 42.Nb5 Rxa4 43.Rxa4 Nxa4 44.Ra2 Nc3 45.Ra8 Kg7 46.Ra7+ Re7 47.Rxe7+ 
Bxe7 48.Kg2 Nd1 49.Na3 Kf6 50.Kf3 Bd8 51.Ba6 Bc7 52.Bb5 Ne3 53.Nc4 Nd5 54.
Na3 h6 55.Bc4 Ne3 56.Ba6 Bd8 57.Bb5 Ke6 58.Ba6 Kd7 59.Bb5+ Kc7 60.Ba6 Nd5 
61.Bc4 Kc6 62.Bb5+ Kb7 63.Bc4 Nc3 64.Nb5 Kc6 65.Na7+ Kd7 66.Nb5 Nd1 67.Na3
Bc7 68.Bb5+ Ke7 69.Ba6 Bb8 70.Bb5 Kd6 71.Ba6 Kc6 72.Bb5+ Kb7 73.Bc4 Nc3 
74.Be6 b5 75.Bxf5 Bd6 76.h4 c4 77.Nc2 Bc5 78.g4 Kc6 79.g5 Kd5 80.gxh6 Bf8 
81.h7 Bg7 82.h5 Kc5 83.h6 Bh8 84.dxc4 bxc4 85.Ne1 Na2 86.Bb1 Nc1 87.Ke4 
Kd6 88.Nf3 Ne2 89.Bc2 Ng3# 0-1

[Event "19th Hoogeveen op"]
[Site "Hoogeveen NED"]
[Date "2015.10.17"]
[Round "1.12"]
[White "Pavlidis, Antonios"]
[Black "Klapwijk, Bram"]
[Result "1-0"]
[WhiteElo "2522"]
[BlackElo "2151"]
[EventDate "2015.10.17"]
[PlyCount "125"]

1.e4 e6 2.d4 d5 3.Nc3 Nf6 4.Bg5 Bb4 5.e5 h6 6.Be3 Ne4 7.Qg4 Kf8 8.a3 Bxc3+
9.bxc3 c5 10.Bd3 Nxc3 11.dxc5 Nc6 12.Nf3 f5 13.exf6 Qxf6 14.Qh5 e5 15.Bg5 
Qe6 16.Nh4 e4 17.Bf1 Kg8 18.Bd2 Qf6 19.Qe8+ Kh7 20.Qg6+ Qxg6 21.Nxg6 Kxg6 
22.Bxc3 a6 23.Rb1 Rf8 24.g3 d4 25.Ba1 Rf3 26.Bg2 Rxa3 27.O-O Bf5 28.Rxb7 
Rc8 29.Re1 Kh7 30.g4 Bg6 31.h4 h5 32.gxh5 Bxh5 33.Bxe4+ Kh8 34.Rb6 Bf3 35.
Bb2 Bxe4 36.Bxa3 Bxc2 37.Kg2 a5 38.Bc1 a4 39.Re6 Bb3 40.Rd6 Ne7 41.Rxd4 
Rxc5 42.Ba3 Rc7 43.Rb5 Ng8 44.Rd6 Kh7 45.Bb2 Nh6 46.Rh5 Bc2 47.Kf1 Bg6 48.
Rhd5 Rb7 49.Bc3 Be4 50.Ra5 Bc2 51.Rd2 Bb3 52.Rd8 Rc7 53.Bd4 Rb7 54.Kg2 Re7
55.Be3 Nf7 56.Rda8 Re4 57.Kg3 Bd1 58.Bf4 Rd4 59.R8a7 Bb3 60.Rh5+ Kg6 61.
Rb5 Rd3+ 62.Be3 Nd8 63.Rg5+ 1-0

[Event "19th Hoogeveen op"]
[Site "Hoogeveen NED"]
[Date "2015.10.17"]
[Round "1.13"]
[White "Rosmuller, Anton J"]
[Black "Shabalov, Alexander"]
[Result "0-1"]
[WhiteElo "2137"]
[BlackElo "2522"]
[EventDate "2015.10.17"]
[PlyCount "52"]

1.d4 Nf6 2.c4 b6 3.Nc3 Bb7 4.f3 Nc6 5.d5 Ne5 6.Qd4 Ng6 7.e4 e6 8.Be3 Bd6 
9.O-O-O Qe7 10.Qd2 Bc5 11.Kb1 a6 12.Nge2 O-O 13.Nd4 c6 14.Nc2 cxd5 15.cxd5
exd5 16.Bxc5 Qxc5 17.exd5 Rac8 18.Ne4 Nxe4 19.fxe4 f5 20.Bd3 fxe4 21.Bxe4 
Rf2 22.Qd3 Nf4 23.Qb3 Qc4 24.Qxc4 Rxc4 25.Rhe1 Nxg2 26.Bxg2 Rcxc2 0-1

[Event "19th Hoogeveen op"]
[Site "Hoogeveen NED"]
[Date "2015.10.17"]
[Round "1.14"]
[White "Schroeder, Jan Christian"]
[Black "Bluhm, Sonja Maria"]
[Result "1/2-1/2"]
[WhiteElo "2519"]
[BlackElo "2128"]
[EventDate "2015.10.17"]
[PlyCount "53"]

1.e4 e5 2.Nf3 Nc6 3.Bb5 a6 4.Ba4 Nf6 5.O-O Be7 6.d3 b5 7.Bb3 d6 8.a3 Bg4 
9.c3 O-O 10.Re1 Na5 11.Bc2 c5 12.Nbd2 h6 13.Nf1 Nc6 14.Ne3 Be6 15.d4 cxd4 
16.cxd4 Bd7 17.b4 Re8 18.d5 Na7 19.Nd2 Nc8 20.Nb3 Nb6 21.Bd2 Rc8 22.Na5 
Bf8 23.Bd3 Na4 24.Qf3 Qb6 25.Nf5 Bxf5 26.Qxf5 Qd4 27.Qf3 1/2-1/2

[Event "19th Hoogeveen op"]
[Site "Hoogeveen NED"]
[Date "2015.10.17"]
[Round "1.15"]
[White "Losekoot, Pascal"]
[Black "Vishnu, Prasanna V"]
[Result "0-1"]
[WhiteElo "2126"]
[BlackElo "2503"]
[EventDate "2015.10.17"]
[PlyCount "58"]

1.e4 c5 2.Nf3 d6 3.d4 cxd4 4.Qxd4 Nf6 5.Bb5+ Nbd7 6.c4 g6 7.O-O Bg7 8.Nc3 
O-O 9.Bxd7 Bxd7 10.Qd3 a6 11.Rd1 Rc8 12.Rb1 Qc7 13.b3 b5 14.Nd2 Be6 15.Nd5
Nxd5 16.cxd5 Bd7 17.Bb2 Qc2 18.Qxc2 Rxc2 19.Bxg7 Kxg7 20.a3 Rfc8 21.Kf1 f5
22.f3 R8c3 23.h3 g5 24.Ke1 h6 25.Ra1 fxe4 26.fxe4 g4 27.hxg4 Bxg4 28.Rdb1 
Re3+ 29.Kf2 Rd3 0-1

[Event "19th Hoogeveen op"]
[Site "Hoogeveen NED"]
[Date "2015.10.17"]
[Round "1.16"]
[White "Debashis, Das"]
[Black "Hendriks, Richard V"]
[Result "1-0"]
[WhiteElo "2501"]
[BlackElo "2107"]
[EventDate "2015.10.17"]
[PlyCount "69"]

1.d4 d5 2.c4 dxc4 3.e3 Nf6 4.Bxc4 e6 5.Nf3 c5 6.O-O Qc7 7.Qe2 Nc6 8.Nc3 a6
9.a4 Be7 10.Bd2 O-O 11.Rad1 b6 12.Bc1 Bb7 13.Rfe1 Rfd8 14.h3 Rd7 15.d5 
exd5 16.Bxd5 Nb4 17.Bc4 Rad8 18.Ng5 Rf8 19.e4 h6 20.Rxd7 Nxd7 21.Nxf7 Rxf7
22.Qh5 Ne5 23.Bf4 Nbd3 24.Bxf7+ Kh7 25.Bxe5 Nxe5 26.Bd5 Nd3 27.Qf5+ Kh8 
28.Re3 c4 29.Qf7 Kh7 30.Qg8+ Kg6 31.Qe8+ Kg5 32.h4+ Kf4 33.e5 Qc5 34.Re4+ 
Kf5 35.g4# 1-0

[Event "19th Hoogeveen op"]
[Site "Hoogeveen NED"]
[Date "2015.10.17"]
[Round "1.17"]
[White "Zepeda, Lorena"]
[Black "Pruijssers, Roeland"]
[Result "0-1"]
[WhiteElo "2106"]
[BlackElo "2501"]
[EventDate "2015.10.17"]
[PlyCount "80"]

1.e4 Nf6 2.e5 Nd5 3.d4 d6 4.Nf3 Bg4 5.Be2 e6 6.c4 Nb6 7.O-O Be7 8.h3 Bh5 
9.exd6 cxd6 10.d5 e5 11.Nc3 N8d7 12.Ne1 Bg6 13.a4 a5 14.f4 exf4 15.Bxf4 
O-O 16.Nf3 Re8 17.b3 Bf6 18.Rc1 Nc5 19.Re1 Nbd7 20.Kh1 Bxc3 21.Rxc3 Ne4 
22.Qc1 Qf6 23.Rc2 Nf2+ 24.Kg1 Bxc2 25.Kxf2 Nc5 26.Qxc2 Qxf4 27.Kf1 Re3 28.
Bd1 Rxe1+ 29.Kxe1 Re8+ 30.Kf1 Qe3 31.Qd2 Nxb3 32.Bxb3 Qxb3 33.Qd4 Qxa4 34.
Kg1 Qc2 35.Kh2 a4 36.c5 Qxc5 37.Qxa4 b5 38.Qd1 h6 39.Qd3 b4 40.Nh4 Qe3 0-1

[Event "19th Hoogeveen op"]
[Site "Hoogeveen NED"]
[Date "2015.10.17"]
[Round "1.18"]
[White "Ankit, R Rajpara"]
[Black "Halfhide, Sebastian"]
[Result "1-0"]
[WhiteElo "2467"]
[BlackElo "2102"]
[EventDate "2015.10.17"]
[PlyCount "135"]

1.e4 c5 2.Nf3 e6 3.c3 d5 4.exd5 Qxd5 5.d4 Nf6 6.Na3 Be7 7.Nb5 Na6 8.Be2 
O-O 9.O-O cxd4 10.Qxd4 Bd7 11.Ne5 Bxb5 12.Qxd5 Nxd5 13.Bxb5 Nac7 14.Be2 
Bd6 15.Nd3 Rfd8 16.Rd1 Ne8 17.c4 Nb4 18.Nxb4 Bxb4 19.Be3 b6 20.Bf3 Rac8 
21.Rac1 Kf8 22.b3 Bc5 23.Bf4 Bd6 24.Bd2 a5 25.Kf1 Ba3 26.Rb1 Bb4 27.Bc1 
Rxd1+ 28.Bxd1 Bc5 29.Bc2 Nd6 30.Bd3 Ke7 31.f4 Nf5 32.Bxf5 exf5 33.Be3 Kd6 
34.Rd1+ Kc6 35.Rd3 Re8 36.Bd2 Re4 37.Rh3 h6 38.Rd3 Rd4 39.Ke2 Rxd3 40.Kxd3
Bb4 41.Be3 Ba3 42.Bd2 g6 43.Be3 Bd6 44.Bc1 Be7 45.a3 Bf8 46.Kc3 Bg7+ 47.
Kc2 Bf8 48.Kb2 Be7 49.Bd2 g5 50.b4 Bd8 51.Kc3 axb4+ 52.axb4 f6 53.b5+ Kd7 
54.Kd4 Be7 55.Kd5 Bd6 56.Be3 gxf4 57.Bxb6 f3 58.g3 h5 59.Bf2 f4 60.c5 fxg3
61.hxg3 Bb8 62.c6+ Kd8 63.b6 Be5 64.Ke6 Kc8 65.Ke7 Bc3 66.b7+ Kb8 67.Kd7 
Be5 68.Ba7+ 1-0

[Event "19th Hoogeveen op"]
[Site "Hoogeveen NED"]
[Date "2015.10.17"]
[Round "1.19"]
[White "Sparenberg, Erik"]
[Black "Das, Arghyadip"]
[Result "1/2-1/2"]
[WhiteElo "2088"]
[BlackElo "2467"]
[EventDate "2015.10.17"]
[PlyCount "56"]

1.e4 c5 2.Nf3 d6 3.d4 cxd4 4.Nxd4 Nf6 5.Nc3 a6 6.Bg5 Nbd7 7.f3 h6 8.Be3 e6
9.Qd2 b5 10.O-O-O Bb7 11.Kb1 Rc8 12.Bd3 Ne5 13.f4 Nc4 14.Bxc4 Rxc4 15.e5 
Ne4 16.Nxe4 Bxe4 17.Ka1 dxe5 18.fxe5 Qc7 19.Rhf1 Bc5 20.c3 b4 21.Rc1 O-O 
22.cxb4 Bxd4 23.Qxd4 Rxd4 24.Rxc7 Rxb4 25.b3 Rb7 26.Rxb7 Bxb7 27.Rd1 Rc8 
28.Rd2 Rc1+ 1/2-1/2

[Event "19th Hoogeveen op"]
[Site "Hoogeveen NED"]
[Date "2015.10.17"]
[Round "1.20"]
[White "Neelotpal, Das"]
[Black "Van der Veen, Jan"]
[Result "1-0"]
[WhiteElo "2465"]
[BlackElo "2070"]
[EventDate "2015.10.17"]
[PlyCount "77"]

1.e4 e5 2.Nf3 Nc6 3.Bb5 Nf6 4.d3 d6 5.c3 g6 6.O-O Bg7 7.Re1 O-O 8.Bg5 h6 
9.Bh4 Bd7 10.Nbd2 a6 11.Ba4 b5 12.Bc2 Re8 13.Nf1 Qb8 14.Ne3 b4 15.Ba4 bxc3
16.bxc3 Qc8 17.h3 Ne7 18.Bb3 a5 19.Nd2 a4 20.Bc2 Nh5 21.Ndc4 Nf4 22.d4 g5 
23.Bg3 h5 24.Rb1 g4 25.hxg4 hxg4 26.dxe5 dxe5 27.f3 gxf3 28.Qxf3 Ra6 29.
Nf5 Nxf5 30.exf5 Rh6 31.Nxe5 Rxe5 32.Rxe5 Bxe5 33.Bxf4 Bxf4 34.Qxf4 Qf8 
35.Qg5+ Kh8 36.Rb8 Qxb8 37.Qxh6+ Kg8 38.f6 Qb6+ 39.Kh1 1-0

[Event "19th Hoogeveen op"]
[Site "Hoogeveen NED"]
[Date "2015.10.17"]
[Round "1.21"]
[White "Henseler, Jorgen"]
[Black "Valdes Romero, Leonardo"]
[Result "0-1"]
[WhiteElo "2069"]
[BlackElo "2362"]
[EventDate "2015.10.17"]
[PlyCount "76"]

1.c4 Nf6 2.Nc3 d5 3.cxd5 Nxd5 4.g3 g6 5.Bg2 Nxc3 6.bxc3 Bg7 7.Nf3 O-O 8.
O-O Nd7 9.Qc2 Nb6 10.d3 Bd7 11.Bd2 Bc6 12.Rab1 h6 13.c4 e5 14.Bc3 Re8 15.
Nd2 Bxg2 16.Kxg2 Qd7 17.Kg1 Rab8 18.Rb5 a6 19.Rb3 Na4 20.Ba1 Nc5 21.Rbb1 
f5 22.Nb3 Ne6 23.e3 Ng5 24.f4 Nf7 25.Rfe1 b6 26.Rbd1 Re7 27.Bc3 Rbe8 28.
Qd2 Qc6 29.c5 exf4 30.Bxg7 Ng5 31.Qg2 f3 32.Qf1 Kxg7 33.Nd4 Qd5 34.h4 bxc5
35.hxg5 cxd4 36.gxh6+ Kxh6 37.exd4 Qxd4+ 38.Kh2 Re2+ 0-1

[Event "19th Hoogeveen op"]
[Site "Hoogeveen NED"]
[Date "2015.10.17"]
[Round "1.22"]
[White "Kevlishvili, Robby"]
[Black "Sadallah, Osama"]
[Result "1-0"]
[WhiteElo "2361"]
[BlackElo "2067"]
[EventDate "2015.10.17"]
[PlyCount "77"]

1.e4 c5 2.Nf3 g6 3.c4 Nc6 4.d4 cxd4 5.Nxd4 Nf6 6.Nc3 Bg7 7.Be3 d6 8.Be2 
O-O 9.O-O Bd7 10.Qd2 Qa5 11.f3 Rfc8 12.Rac1 a6 13.Nb3 Qd8 14.Na4 Nd4 15.
Nxd4 Bxa4 16.b3 Bc6 17.Rfd1 Nd7 18.b4 b6 19.Bf1 Bb7 20.a3 Ne5 21.Qf2 Nd7 
22.g3 Qf8 23.Bh3 Qe8 24.Nb3 Rcb8 25.Bxd7 Qxd7 26.Bxb6 Qa4 27.Na5 Qxa3 28.
Ba7 Bh6 29.Ra1 Qc3 30.Bd4 Qxb4 31.Rdb1 Qd2 32.Qxd2 Bxd2 33.Nxb7 a5 34.Rb5 
a4 35.Ra2 Bh6 36.Bc3 Rc8 37.Na5 Bg7 38.Be1 Bd4+ 39.Kf1 1-0

[Event "19th Hoogeveen op"]
[Site "Hoogeveen NED"]
[Date "2015.10.17"]
[Round "1.23"]
[White "Elgersma, Simon"]
[Black "Dijkhuis, Tycho"]
[Result "1/2-1/2"]
[WhiteElo "2055"]
[BlackElo "2355"]
[EventDate "2015.10.17"]
[PlyCount "117"]

1.e4 c5 2.Nf3 Nc6 3.Bb5 e6 4.Bxc6 bxc6 5.b3 e5 6.Nxe5 Qe7 7.Bb2 d6 8.Nc4 
d5 9.Ne3 d4 10.Nc4 Qxe4+ 11.Qe2 Qxe2+ 12.Kxe2 Be6 13.Nba3 O-O-O 14.Rhe1 
Nf6 15.f3 g5 16.Ne5 Bd6 17.Kf2 g4 18.Nac4 Bxe5 19.Nxe5 gxf3 20.Nxf3 Bd5 
21.h3 Rhg8 22.d3 Bxf3 23.Kxf3 Rd5 24.Kf2 Rf5+ 25.Kg1 Nd5 26.Bc1 Rf3 27.Rf1
Rfg3 28.Rf2 Rxh3 29.Rxf7 Rhg3 30.Rf2 Kd7 31.Bd2 Kd6 32.Raf1 h5 33.Kh2 Ne3 
34.Bxe3 dxe3 35.Re2 Ke5 36.c3 h4 37.Rf7 R8g6 38.Re7+ Re6 39.Rh7 Rf6 40.
Rxh4 Rf2 41.Re4+ Kd6 42.Kxg3 Rxe2 43.Kf3 Rf2+ 44.Kxe3 Rxg2 45.Ra4 Rg3+ 46.
Ke4 Rg4+ 47.Kf5 Rg7 48.Kf6 Rh7 49.Ra6 Rb7 50.Ra4 Rh7 51.Kg6 Re7 52.Re4 
Rxe4 53.dxe4 Ke5 54.Kf7 Kxe4 55.Ke6 Kd3 56.Kd6 Kxc3 57.Kxc5 Kb2 58.Kxc6 
Kxa2 59.Kb7 1/2-1/2

[Event "19th Hoogeveen op"]
[Site "Hoogeveen NED"]
[Date "2015.10.17"]
[Round "1.24"]
[White "Van Kooten, Luuk"]
[Black "Munnik, Talitha"]
[Result "1-0"]
[WhiteElo "2350"]
[BlackElo "2037"]
[EventDate "2015.10.17"]
[PlyCount "79"]

1.d4 d5 2.c4 e6 3.Nc3 Nf6 4.cxd5 exd5 5.Bg5 Be7 6.e3 O-O 7.Bd3 c6 8.Qc2 
Nbd7 9.Nge2 Re8 10.O-O Nf8 11.f3 g6 12.h3 Ne6 13.Bh4 Ng7 14.e4 Be6 15.Bf2 
Nd7 16.Rad1 Qa5 17.Nf4 Bg5 18.Nxe6 Nxe6 19.g3 dxe4 20.fxe4 c5 21.dxc5 
Ndxc5 22.Bc4 Rad8 23.Bd5 b6 24.Qe2 Na6 25.Qf3 Rf8 26.a3 Nac7 27.Kh2 Be7 
28.h4 h5 29.Be3 Nxd5 30.Nxd5 Rxd5 31.exd5 Ng7 32.d6 Bd8 33.Bh6 Qe5 34.Bxg7
Kxg7 35.Rf2 Bxh4 36.Rd5 Bxg3+ 37.Kg2 Qe6 38.Kxg3 h4+ 39.Kh2 Rc8 40.d7 1-0

[Event "19th Hoogeveen op"]
[Site "Hoogeveen NED"]
[Date "2015.10.17"]
[Round "1.25"]
[White "Kossen, Johannes"]
[Black "Baskin, Robert"]
[Result "1/2-1/2"]
[WhiteElo "2029"]
[BlackElo "2338"]
[EventDate "2015.10.17"]
[PlyCount "76"]

1.d4 Nf6 2.c4 g6 3.Nf3 Bg7 4.g3 O-O 5.Bg2 d6 6.Nc3 c6 7.O-O Qb6 8.b3 Bg4 
9.Bb2 Bxf3 10.Bxf3 e5 11.c5 Qb4 12.dxe5 dxe5 13.Na4 Nbd7 14.Bc3 Qb5 15.e3 
Nxc5 16.Be2 Nxa4 17.bxa4 Qd5 18.Qc2 Rfe8 19.Rab1 Rab8 20.Rb4 Qd7 21.Rd1 
Nd5 22.Rb3 Qe6 23.Bb2 Qh3 24.e4 Nc7 25.Bf1 Qc8 26.Qc5 a6 27.Qb6 Ne6 28.Bh3
f5 29.exf5 Ng5 30.g4 gxf5 31.gxf5 Nxh3+ 32.Rxh3 Qxf5 33.Rg3 Qf7 34.Rdd3 
Kh8 35.Rdf3 Qd7 36.Rd3 Qf7 37.Rdf3 Qd7 38.Rd3 Qf7 1/2-1/2

[Event "19th Hoogeveen op"]
[Site "Hoogeveen NED"]
[Date "2015.10.17"]
[Round "1.26"]
[White "Rudolf, Anna"]
[Black "Lewin, Tammo"]
[Result "1-0"]
[WhiteElo "2329"]
[BlackElo "2021"]
[EventDate "2015.10.17"]
[PlyCount "81"]

1.e4 c5 2.Nf3 e6 3.d4 cxd4 4.Nxd4 Nc6 5.Nc3 Qc7 6.Be2 a6 7.O-O b5 8.Nxc6 
dxc6 9.f4 Bb7 10.Qe1 Nf6 11.Bf3 Be7 12.Qg3 O-O 13.b3 Bc5+ 14.Kh1 Bd4 15.
Bb2 e5 16.f5 Qe7 17.a3 Rfd8 18.Rae1 Rac8 19.Qh3 c5 20.g4 b4 21.Na4 c4 22.
g5 Nd7 23.f6 gxf6 24.Bg4 Rc6 25.Bf5 Nf8 26.gxf6 Rxf6 27.Bc1 cxb3 28.cxb3 
Rg6 29.Bxg6 hxg6 30.axb4 Ne6 31.Qg4 Qxb4 32.Bg5 Nxg5 33.Qxg5 Rd7 34.Qg4 
Rd6 35.Qg5 Rd7 36.Qg4 Rd6 37.Qh4 Rd7 38.Rf3 Qd2 39.Rh3 Kf8 40.Rf1 Ke8 41.
Qh8+ 1-0

[Event "19th Hoogeveen op"]
[Site "Hoogeveen NED"]
[Date "2015.10.17"]
[Round "1.27"]
[White "Hummel, Joop"]
[Black "De Jong, Migchiel"]
[Result "0-1"]
[WhiteElo "1990"]
[BlackElo "2328"]
[EventDate "2015.10.17"]
[PlyCount "68"]

1.Nf3 Nf6 2.d4 g6 3.c4 Bg7 4.Nc3 O-O 5.g3 c6 6.Bg2 d5 7.cxd5 cxd5 8.O-O 
Ne4 9.e3 Nxc3 10.bxc3 Nc6 11.h3 Bf5 12.Nh4 Bd7 13.Bxd5 Bxh3 14.Bg2 Bxg2 
15.Nxg2 Rc8 16.e4 Na5 17.Bd2 Nc4 18.Qe2 Qa5 19.Rfc1 Bxd4 20.cxd4 Qxd2 21.
Qd1 Rfd8 22.d5 Qg5 23.Qd4 Ne5 24.Rxc8 Nf3+ 25.Kf1 Rxc8 26.Qxa7 Qh5 27.Nh4 
Nxh4 28.gxh4 Qxh4 29.Qd4 Rc2 30.Kg2 Qg4+ 31.Kf1 h5 32.Qd3 Rb2 33.Qd4 Qe2+ 
34.Kg2 Rd2 0-1

[Event "19th Hoogeveen op"]
[Site "Hoogeveen NED"]
[Date "2015.10.17"]
[Round "1.28"]
[White "Maris, Ivo"]
[Black "Kokje, Joris"]
[Result "1/2-1/2"]
[WhiteElo "2319"]
[BlackElo "1983"]
[EventDate "2015.10.17"]
[PlyCount "139"]

1.d4 f5 2.e4 fxe4 3.Nc3 Nf6 4.f3 d5 5.fxe4 dxe4 6.Bc4 Nc6 7.Nge2 e5 8.d5 
Na5 9.Bb5+ Bd7 10.Bxd7+ Qxd7 11.Bg5 Qg4 12.Bxf6 gxf6 13.Ng3 Qxd1+ 14.Rxd1 
Bb4 15.Rf1 Nc4 16.Rb1 Rf8 17.Nxe4 f5 18.Ng5 Ne3 19.Rf3 Nxc2+ 20.Kd2 Nd4 
21.Re3 O-O-O 22.Kd3 Bd6 23.Nxh7 Rh8 24.Rh3 Rdg8 25.Rg1 Rg7 26.Ng5 Rhg8 27.
Ne6 Nxe6 28.dxe6 Rg6 29.Rh5 e4+ 30.Kc4 Rxe6 31.Rxf5 Bxh2 32.Re1 e3 33.Rf3 
Rxg2 34.Re2 Rxe2 35.Nxe2 Bd6 36.Rf1 Kd7 37.Nd4 e2 38.Re1 Bg3 39.Rxe2 Rxe2 
40.Nxe2 Be5 41.Kb3 Kc6 42.Nc1 Kd5 43.Nd3 Bd6 44.Kc3 c5 45.b3 b5 46.Kc2 Kd4
47.Nc1 Ke3 48.Nd3 a6 49.Kc3 Be7 50.Kc2 Kd4 51.Nf4 Bd6 52.Ne2+ Kd5 53.Nc3+ 
Kc6 54.Ne2 Be5 55.Ng1 Kd5 56.Nf3 Bf4 57.Ne1 Be3 58.Kd3 Bd4 59.Nc2 c4+ 60.
bxc4+ bxc4+ 61.Kd2 a5 62.Kc1 Bc3 63.Kb1 Ke4 64.Na3 Kd3 65.Nc2 Bb4 66.Na1 
Bc5 67.Nc2 c3 68.Na1 a4 69.Nc2 Kd2 70.Na1 1/2-1/2